000 00338nam a22001337a 4500
020 _a041243170
040 _cNUST
082 _a670.42
_bDEL'C
100 _aA.Delchambre
_9127223
245 _aComputer-aided Assembly Planning
260 _aUSA:
_bChapman & Hall,
_c1992.
650 _2Computer-aided Assembly Planning
942 _2ddc
_cBK
999 _c612421
_d612421